| 000 | 00703nam a22002172 4500 | ||
|---|---|---|---|
| 001 | 0000009272 | ||
| 005 | 20151217145848.0 | ||
| 008 | 080921s xx 000 0 eng d | ||
| 020 |
_a0205412637 : _cBSP 52 |
||
| 040 |
_aKABU _cKABU |
||
| 100 | 1 |
_aBrahier, Daniel J. _@0000160449 |
|
| 245 | 1 | 0 |
_aTeaching secondary and middle school mathematics / _cDaniel J. Brahier. |
| 250 | _a2nd ed. | ||
| 260 |
_aBoston : _bPearson, _c2005. |
||
| 300 | _axvi, 394 p. | ||
| 650 | 0 |
_aMathematics _xstudy and teaching (Middle school) _@0000160450 |
|
| 650 | 0 |
_aMathematics _xstudy and teaching (Secondary) _@0000160451 |
|
| 908 | _a080921 | ||
| 950 | _@1 | ||
| 999 |
_c3418 _d3418 |
||